Story worship services for the junior church. (Record no. 16171)

000 -LEADER
fixed length control field 00653nam a2200181 a 4500
001 - CONTROL NUMBER
control field :::00018912$&:&@@
003 - CONTROL NUMBER IDENTIFIER
control field OkBaRHE
005 - DATE AND TIME OF LATEST TRANSACTION
control field 20010116202313.0
008 - FIXED-LENGTH DATA ELEMENTS--GENERAL INFORMATION
fixed length control field s1927 j 000 0 eng u
040 ## - CATALOGING SOURCE
Transcribing agency
100 1# - MAIN ENTRY--PERSONAL NAME
Personal name Berg, Mary Kirkpatrick
245 10 - TITLE STATEMENT
Title Story worship services for the junior church.
260 ## - PUBLICATION, DISTRIBUTION, ETC. (IMPRINT)
Place of publication, distribution, etc New York and London
Name of publisher, distributor, etc Harper & Brothers Publishers
Date of publication, distribution, etc 1927
300 ## - PHYSICAL DESCRIPTION
Extent 170 p.
650 ## - SUBJECT ADDED ENTRY--TOPICAL TERM
Topical term or geographic name as entry element Forty-eight services, organized around monthly themes, with suggested hymns, illustrations and story hymns.
942 ## - ADDED ENTRY ELEMENTS (KOHA)
Source of classification or shelving scheme
Koha item type Books
Copies
Barcode Lost status Damaged status Withdrawn status Koha item type Date last seen Permanent Location Not for loan Price effective from Date acquired Shelving location Copy number Source of classification or shelving scheme Full call number
18912   Books2010-04-14RHEMA Bible Training College 2010-04-142010-04-14General Stacks1 BV 4315 .B45